[Event "Bremen-ch op"]
[Site "Bremen"]
[Date "2014.04.14"]
[Round "1"]
[White "Sausmikat, Armin"]
[Black "Roehl, Helmut"]
[Result "1-0"]
[WhiteElo "1968"]
[BlackElo "1719"]
[PlyCount "57"]
[EventDate "2014.04.14"]
[EventType "swiss"]
[EventRounds "9"]
[EventCountry "GER"]
[SourceTitle "EXT 2018"]
[Source "ChessBase"]
[SourceDate "2017.10.13"]
[SourceVersion "1"]
[SourceVersionDate "2017.10.13"]
[SourceQuality "1"]

1. e4 e5 2. Nf3 Nc6 3. Bc4 Nf6 4. Ng5 d5 5. exd5 Nxd5 6. Nxf7 Kxf7 7. Qf3+ Ke8 8. Bxd5 Bf5 9. Bxc6+ bxc6 10. Qxf5 Bd6 11. 0-0 Qe7 12. d3 g6 13. Qf3 Qd7 14. Nc3 Rf8 15. Qe2 Rf7 16. Bg5 Rb8 17. d4 Rf5 18. f4 Rxb2 19. dxe5 Bc5+ 20. Kh1 Bd4 21. Rad1 c5 22. Ne4 Qa4 23. Nf6+ Kf7 24. e6+ Kg7 25. e7 Rxc2 26. e8N+ Kh8 27. Qe6 Bxf6 28. Bxf6+ Rxf6 29. Qxf6+ 1-0